[Event "Pfalz op-B 10th"]
[Site "Neustadt an der Weinstrasse"]
[Date "2019.03.02"]
[Round "2"]
[White "Hibberd, Nigel"]
[Black "Strohschneider, Leon"]
[Result "1-0"]
[WhiteElo "1777"]
[BlackElo "1608"]
[PlyCount "119"]
[EventDate "2019.03.01"]
[EventType "swiss"]
[EventRounds "7"]
[EventCountry "GER"]
[SourceTitle "CBM 189 Extra"]
[Source "ChessBase"]
[SourceDate "2019.05.31"]
[SourceVersion "1"]
[SourceVersionDate "2019.05.31"]
[SourceQuality "1"]

1. f4 d5 2. e3 Nc6 3. Nf3 e6 4. b3 Nf6 5. Bb2 Bd6 6. Be2 Qe7 7. Ne5 Bd7 8. 0-0 0-0-0 9. a4 Rdg8 10. Bb5 Bxe5 11. fxe5 Ne8 12. Qf3 Qg5 13. Na3 Rf8 14. Bxc6 Bxc6 15. Bd4 f5 16. Nb5 a6 17. Na7+ Kd7 18. c4 h5 19. b4 dxc4 20. Nxc6 bxc6 21. Rac1 Qg4 22. Rxc4 Qxf3 23. gxf3 g5 24. Rfc1 g4 25. f4 h4 26. Rxc6 h3 27. Rxa6 Rfg8 28. e4 g3 29. exf5 gxh2+ 30. Kh1 Ng7 31. fxe6+ Nxe6 32. Be3 Rg2 33. f5 Ng5 34. e6+ Ke7 35. Bxg5+ Rxg5 36. Rxc7+ Kf6 37. e7+ Ke5 38. Rc5+ Kf4 39. Rg6 Rg2 40. Rd5 Re8 41. Rxg2 hxg2+ 42. Kxg2 Rg8+ 43. Kh1 Kf3 44. Rd3+ Kf2 45. Kxh2 Rh8+ 46. Rh3 Rg8 47. Rh6 Rg2+ 48. Kh3 Rg8 49. f6 Kf3 50. f7 Rg3+ 51. Kh4 Rg4+ 52. Kh5 Kg3 53. f8Q Kh3 54. Qf3+ Rg3 55. Qxg3+ Kxg3 56. e8Q Kf4 57. Rf6+ Kg3 58. Qe3+ Kg2 59. Rf2+ Kg1 60. Qe1# 1-0

[Event "EU Union-ch U12 15th"]
[Site "Mureck"]
[Date "2017.08.10"]
[Round "9"]
[White "Pernerstorfer, Moritz"]
[Black "Strohschneider, Leon"]
[Result "1/2-1/2"]
[WhiteElo "1394"]
[BlackElo "1383"]
[PlyCount "63"]
[EventDate "2017.08.02"]
[EventType "swiss"]
[EventRounds "9"]
[EventCountry "AUT"]
[SourceTitle "CBM 180 Extra"]
[Source "ChessBase"]
[SourceDate "2017.10.06"]
[SourceVersion "1"]
[SourceVersionDate "2017.10.06"]
[SourceQuality "1"]

1. e4 d5 2. exd5 Qxd5 3. Nf3 Nf6 4. d4 Bg4 5. Be2 e6 6. c4 Qd8 7. 0-0 c6 8. a3 Be7 9. Nc3 0-0 10. Be3 Re8 11. Qc2 Qc7 12. Rfd1 Nbd7 13. Rac1 Nb6 14. Qb3 c5 15. Nb5 Qc8 16. dxc5 Bxc5 17. Nd6 Bxd6 18. Rxd6 Qc7 19. Rd3 Rac8 20. Bxb6 axb6 21. h3 Bf5 22. Rdd1 Qc5 23. Bd3 Bxd3 24. Qxd3 h6 25. b4 Qe7 26. Qe3 Rc6 27. Ne5 Rd6 28. Rxd6 Qxd6 29. c5 bxc5 30. Qxc5 Qxc5 31. Rxc5 Nd5 32. Rb5 1/2-1/2

[Event "EU Union-ch U12 15th"]
[Site "Mureck"]
[Date "2017.08.09"]
[Round "8"]
[White "Strohschneider, Leon"]
[Black "Rejniak, Zuzanna"]
[Result "0-1"]
[WhiteElo "1383"]
[BlackElo "1650"]
[PlyCount "60"]
[EventDate "2017.08.02"]
[EventType "swiss"]
[EventRounds "9"]
[EventCountry "AUT"]
[SourceTitle "CBM 180 Extra"]
[Source "ChessBase"]
[SourceDate "2017.10.06"]
[SourceVersion "1"]
[SourceVersionDate "2017.10.06"]
[SourceQuality "1"]

1. e4 c5 2. Nf3 Nc6 3. d4 cxd4 4. Nxd4 g6 5. Nc3 Bg7 6. Be3 Nf6 7. f3 0-0 8. Qd2 d5 9. exd5 Nxd5 10. Nxc6 bxc6 11. Nxd5 Qxd5 12. Qxd5 cxd5 13. c3 Rb8 14. Bc1 Be6 15. Bd3 Rfc8 16. Kd2 d4 17. cxd4 Bxd4 18. Rb1 Bxa2 19. Ra1 Be6 20. g3 Bxb2 21. Bxb2 Rxb2+ 22. Ke3 Rb3 23. Ke2 Rc7 24. Rhd1 Rd7 25. Be4 Rb2+ 26. Ke1 Rxd1+ 27. Kxd1 f5 28. Bc6 Rb6 29. Ba8 a6 30. Ra2 Bxa2 0-1

[Event "GER-ch U25-B"]
[Site "Willingen"]
[Date "2017.06.07"]
[Round "6"]
[White "Strohschneider, Leon"]
[Black "Lessmann, Soenke"]
[Result "0-1"]
[WhiteElo "1349"]
[BlackElo "1557"]
[PlyCount "62"]
[EventDate "2017.06.04"]
[EventType "swiss"]
[EventRounds "9"]
[EventCountry "GER"]
[SourceTitle "CBM 178 Extra"]
[Source "ChessBase"]
[SourceDate "2017.06.22"]
[SourceVersion "1"]
[SourceVersionDate "2017.06.22"]
[SourceQuality "1"]

1. e4 e5 2. Nf3 Nc6 3. Nc3 Nf6 4. a3 d6 5. d4 Bg4 6. d5 Nd4 7. Be2 Nxe2 8. Qxe2 a6 9. h3 Bh5 10. 0-0 Be7 11. Qd3 Qd7 12. Re1 Bg6 13. Nh4 Nh5 14. Nf5 Bxf5 15. exf5 g6 16. fxg6 hxg6 17. Ne4 0-0-0 18. a4 Rdg8 19. b4 g5 20. b5 a5 21. b6 Nf4 22. Qc3 Nxd5 23. Qxa5 Nxb6 24. Be3 Qc6 25. Ng3 Nc4 26. Qc3 g4 27. hxg4 Rxg4 28. Qd3 e4 29. Qd4 Rhg8 30. Bc1 d5 31. Qa7 Bc5 0-1

[Event "GER-ch U25-B"]
[Site "Willingen"]
[Date "2017.06.04"]
[Round "1"]
[White "Abou Wally, Adrian"]
[Black "Strohschneider, Leon"]
[Result "0-1"]
[WhiteElo "1197"]
[BlackElo "1349"]
[PlyCount "46"]
[EventDate "2017.06.04"]
[EventType "swiss"]
[EventRounds "9"]
[EventCountry "GER"]
[SourceTitle "CBM 178 Extra"]
[Source "ChessBase"]
[SourceDate "2017.06.22"]
[SourceVersion "1"]
[SourceVersionDate "2017.06.22"]
[SourceQuality "1"]

1. e4 d5 2. exd5 Qxd5 3. Nc3 Qd8 4. Bc4 Nf6 5. Nf3 Bg4 6. d3 e6 7. h3 Bh5 8. 0-0 c6 9. a4 Be7 10. Bf4 Nbd7 11. b4 Bxb4 12. Bd2 Be7 13. Rb1 Qc7 14. Ne2 Bxf3 15. gxf3 Nd5 16. Bxd5 cxd5 17. d4 0-0 18. Bf4 Qc6 19. Kh1 Bf6 20. c3 Rfe8 21. Rg1 e5 22. Bh6 Qe6 23. Rxb7 Qxh3# 0-1

[Event "EU Union-ch U10 14th"]
[Site "Mureck"]
[Date "2016.08.09"]
[Round "7"]
[White "Strohschneider, Leon"]
[Black "Anand, Aryan"]
[Result "0-1"]
[WhiteElo "1141"]
[BlackElo "1145"]
[PlyCount "138"]
[EventDate "2016.08.03"]
[EventType "swiss"]
[EventRounds "9"]
[EventCountry "AUT"]
[SourceTitle "CBM 174 Extra"]
[Source "ChessBase"]
[SourceDate "2016.10.10"]
[SourceVersion "1"]
[SourceVersionDate "2016.10.10"]
[SourceQuality "1"]

1. e4 c5 2. Nf3 d6 3. d4 cxd4 4. Nxd4 Nf6 5. Nc3 a6 6. Be3 e6 7. Be2 b5 8. a3 Nbd7 9. 0-0 Bb7 10. Bf3 Be7 11. Re1 0-0 12. h3 Nc5 13. Bd2 Qc7 14. Re2 Rfd8 15. Qe1 Rac8 16. Rc1 Ncd7 17. Re3 Ne5 18. Re2 Nc4 19. Rb1 Qb6 20. Nb3 Ne5 21. Re3 Rc4 22. Qd1 Ng6 23. Re2 Ra8 24. Re1 a5 25. Be3 Qa6 26. Be2 Nxe4 27. Bxc4 Nxc3 28. bxc3 bxc4 29. Nd4 e5 30. Nf3 Qc6 31. Qe2 Nh4 32. Nxh4 Bxh4 33. Qf3 Qxf3 34. gxf3 Bxf3 35. Kh2 e4 36. Red1 Bxd1 37. Rxd1 Rd8 38. Rd4 d5 39. Kg2 Kf8 40. Rd1 Bf6 41. Bb6 Rd7 42. Bxa5 d4 43. cxd4 Rxd4 44. Rxd4 Bxd4 45. f4 c3 46. a4 Ke7 47. Kf1 Kd6 48. Ke2 Kc5 49. Bd8 Kb4 50. a5 Kb5 51. Bb6 Bxb6 52. axb6 Kxb6 53. Ke3 Kb5 54. Kxe4 Kb4 55. h4 Ka3 56. h5 Kb2 57. Kd3 g6 58. h6 f6 59. f5 gxf5 60. Ke3 Kxc2 61. Kf4 Kd2 62. Kxf5 c2 63. Kxf6 c1Q 64. Kg7 Qc7+ 65. Kf8 Ke3 66. Ke8 Ke4 67. Kf8 Kf5 68. Ke8 Ke6 69. Kf8 Qf7# 0-1

[Event "EU Union-ch U10 14th"]
[Site "Mureck"]
[Date "2016.08.05"]
[Round "3"]
[White "Chung, Ethan Cheung Jing"]
[Black "Strohschneider, Leon"]
[Result "0-1"]
[WhiteElo "1343"]
[BlackElo "1141"]
[PlyCount "138"]
[EventDate "2016.08.03"]
[EventType "swiss"]
[EventRounds "9"]
[EventCountry "AUT"]
[SourceTitle "CBM 174 Extra"]
[Source "ChessBase"]
[SourceDate "2016.10.10"]
[SourceVersion "1"]
[SourceVersionDate "2016.10.10"]
[SourceQuality "1"]

1. e4 d5 2. exd5 Qxd5 3. Nc3 Qd8 4. d4 Nf6 5. Bc4 Bg4 6. Be2 Bf5 7. Bg5 e6 8. Bf3 c6 9. Nge2 Be7 10. Qd2 Nbd7 11. h3 Nd5 12. Bxe7 Qxe7 13. h4 h6 14. 0-0-0 Rc8 15. Nf4 N7b6 16. Rde1 0-0 17. Nfxd5 cxd5 18. Bxd5 Na4 19. Be4 Bxe4 20. Nxe4 a6 21. Re3 Rfd8 22. Nc3 Qb4 23. Nxa4 Qxd2+ 24. Kxd2 Rxd4+ 25. Rd3 Rxa4 26. a3 Kf8 27. b4 Ke7 28. Kc1 a5 29. bxa5 Rxa5 30. Rb3 Rc7 31. Rd1 Rac5 32. Rd2 Rc4 33. g3 R4c5 34. Kb1 f6 35. Rd1 e5 36. Rb2 Ke6 37. Rd8 Ra5 38. Rb8 Ra7 39. a4 Kd5 40. Rb4 Kc5 41. Rg4 f5 42. Rg6 Rxa4 43. Rg8 Rg4 44. Re6 Kd5 45. Rge8 e4 46. Re5+ Kd4 47. Rxf5 Rc6 48. Rb5 Rc7 49. Rb8 Rf7 50. Rb4+ Kc3 51. R8xb7 Rxf2 52. Rb3+ Kd2 53. Rd7+ Ke2 54. Rb2 Rxg3 55. c4+ Ke1 56. c5 Rxb2+ 57. Kxb2 Rf3 58. Rxg7 Kf2 59. Rg6 e3 60. c6 Rf7 61. Rd6 e2 62. Rd7 Rf8 63. c7 e1Q 64. Rd8 Qb4+ 65. Kc2 Qc5+ 66. Kd3 Qxc7 67. Rxf8+ Kg3 68. Rh8 Qd6+ 69. Ke2 Qe5+ 0-1